000 01036nam a2200217Ia 4500
001 11380
003 GE_BSU
008 181216s||||||||xx |||||||||||||| ||und||
040 _cGE_BSU
080 _a621.039.85
100 _aგორდეზიანი კ. გორდეზიანი მ. გაფრინდაშვილი ი.
245 _aნიშანდებული ატომები და მათი გამოყენება სოფლის მეურნეობაში
245 _cსაზ. რედ: ს. გუნია, ქ. დგებუაძე, მხატვ: ო. სეხნიაშვილი
260 _aთბილისი.
260 _bსაბჭოთა საქართველო.
260 _c1965
300 _a138გვ.21სმ.
300 _eილ.
653 _aნიშანდებული ატომები და მათი გამოყენება სოფლის მეურნეობაში
942 _cBK
999 _c44577
_d44577